000 00546nam a2200169 i 4500
001 99867
003 ES-MaACL
005 20230906182552.0
007 t|
008 050919s1951 sp ||||1| spa d
100 1 _aMartínez Morellá, Vicente.
_978260
245 1 0 _aPrivilegios y provisiones de Fernando El Católico a Alicante /
_cVicente Martínez Morellá.
260 _aAlicante :
_b[s.n.],
_c1951 (
_fArtes gráf. Alicante)
300 _a64 p. ;
_c21 cm.
852 _aES-MaACL
_j1935-F-6
_bR.32653
852 _aES-MaACL
_j1935-F-8
_bR.32273
999 _c99867
_d99867